|
|
|
|
| LEADER |
00000nam a22000007a 4500 |
| 005 |
20220207205549.0 |
| 007 |
cr|||| |||| |
| 008 |
220207s2021 za ar|w s|||| 0|||b1eng d |
| 022 |
|
|
|a 2073-6215
|
| 035 |
|
|
|a 33740
|
| 040 |
|
|
|a vLex
|
| 090 |
|
|
|c 12928
|d 12928
|
| 245 |
0 |
0 |
|a Constitutional Court Review
|h [Recurso electrn̤ico] /
|
| 256 |
|
|
|a Servicio en ln̕ea
|
| 260 |
|
|
|a Ciudad del Cabo:
|b Sabinet African Journals,
|c 2015 -
|
| 300 |
|
|
|a 1 recurso electrn̤ico
|
| 310 |
|
|
|a Anual
|
| 500 |
|
|
|a The Constitutional Court Review (CCR) is an international journal of record that tracks the work of the Constitutional Court of South Africa. The long essays, replies, articles and case comments use recent decisions to navigate more general currents in the Court’s jurisprudence. The Journal follows a strict double-blind, peer-reviewed editorial process. The CCR invites contributions from outstanding scholars but also considers unsolicited submissions that fit with the aims and scope of the Journal. It is published annually. Articles are published Open Access under a Creative Commons Attribution Licence (CC BY).
|
| 506 |
1 |
|
|a Disponible solo en los productos indicados
|d vLex Global
|d vLex Global (Academic Edition, excluding Law Schools)
|d vLex Global (U.S. Academic Edition, Law Schools)
|d vLex Global (U.S. Academic Edition, excluding Law Schools)
|d vLex Global (Academic Edition, Law Schools)
|
| 650 |
0 |
4 |
|a Derecho Constitucional
|z Sudf̀rica
|
| 740 |
0 |
|
|a vLex Revistas (Servicio en ln̕ea)
|
| 856 |
4 |
0 |
|u https://app.vlex.com/#/sources/33740
|z Acceso restringido
|
| 942 |
|
|
|c REV
|
| 999 |
0 |
|
|a Constitutional right
|